Multiple selections of alternatives under constraints: case study of the Slovak retail market

Hodnotenie atraktivity maloobchodných sietí na Slovensku. Aplikované rozhodovacie metódy PROMETHEE pri analýze zákazníckych preferencií a spokojnosti. Efektivita marketingu, podiel trhových tržieb a počet vybraných sietí ako hlavné faktory pri výbere a hodnotení spotrebiteľmi.

Salvato in:
Dettagli Bibliografici
Autore principale: Furková, Andrea, 1975-
Altri autori: Reiff, Marian, 1978-
Natura: Capitolo di libro
Lingua:inglese
Soggetti:
Tags: Aggiungi Tag
Nessun Tag, puoi essere il primo ad aggiungerne!!

MARC

LEADER 00000naa a2200000 4500
001 0190661
005 20240530074812.1
041 0 |a eng 
044 |a SK 
245 1 0 |a Multiple selections of alternatives under constraints: case study of the Slovak retail market  |c Andrea Furková, Marian Reiff 
520 |a Hodnotenie atraktivity maloobchodných sietí na Slovensku. Aplikované rozhodovacie metódy PROMETHEE pri analýze zákazníckych preferencií a spokojnosti. Efektivita marketingu, podiel trhových tržieb a počet vybraných sietí ako hlavné faktory pri výbere a hodnotení spotrebiteľmi. 
610 2 0 |a maloobchod 
610 2 0 |a Slovensko 
610 2 0 |a spotrebitelia 
610 2 0 |a analýza faktorová 
610 2 0 |a siete maloobchodné 
610 2 0 |a štúdie prípadové 
100 1 |a Furková, Andrea, 1975- 
700 1 |a Reiff, Marian, 1978-